Voi uomini

Saved in:
Bibliografiske detaljer
Hovedforfatter: Del Bo Boffino Anna
Format: Bog
Sprog:ukendt sprog
Udgivet: Milano Mondadori 1992
Tags: Tilføj Tag
Ingen Tags, Vær først til at tagge denne postø!

MARC

LEADER 00000nam a2200000Ia 4500
001 467
003 NUMERAZIONE-ORIGINALE-BRESCIA
005 20260206230753.0
008 260206s9999 xx 000 0 und d
100 |a Del Bo Boffino Anna 
245 0 |a Voi uomini 
260 |a Milano 
260 |b Mondadori 
260 |c 1992 
500 |a Oscar - Bestsellers oggi 
942 |2 ddc  |c BK  |n 0 
952 |0 0  |1 0  |2 ddc  |4 0  |6 21  |7 0  |9 28594  |a BS  |b BS  |d 2026-02-06  |i 467  |l 0  |o 2-1-*  |r 2026-02-06 22:40:38  |w 2026-02-06  |x [REVISIONARE]  |y BK 
999 |c 24253  |d 24253